MARC

LEADER 00000nam0a2200000 4500
001 294937
005 20231101002125.0
020 |a RU  |b 84-18360 
035 |a (RuTPU)RU\TPU\book\320013 
090 |a 294937 
100 |a 20150519d1984 k y0rusy5003 ca 
101 0 |a rus 
102 |a UA 
105 |a a z 001zy 
200 1 |a Очистка жидкостей в магнитном поле  |f А. В. Сандуляк 
210 |a Львов  |c Вища школа  |d 1984 
215 |a 166 с.  |c ил. 
320 |a Библиогр.: с. 154-165 
606 1 |a Жидкости  |x Очистка  |2 stltpush  |3 (RuTPU)RU\TPU\subj\10895 
610 1 |a намагниченные насадки 
610 1 |a магнитные фильтр-осадители 
610 1 |a магнитное осаждение 
610 1 |a шариковые насадки 
610 1 |a намагничивание 
610 1 |a ферромагнитные примеси 
675 |a 621.359  |v 3 
700 1 |a Сандуляк  |b А. В.  |g Александр Васильевич 
801 0 |a RU  |b RuMRKP  |c 19950704  |g psbo 
801 1 |a RU  |b 63413507  |c 20150519 
801 2 |a RU  |b 63413507  |c 20180503  |g RCR 
942 |c BK